Travy /
MARC
| LEADER | 00000cam a2200000 i 4500 | ||
|---|---|---|---|
| 001 | 28600 | ||
| 003 | AGDB | ||
| 005 | 20260324181527.0 | ||
| 008 | 240930b spa||||| |||| 00| 0 cat d | ||
| 015 | |a LL2024 |2 bnc | ||
| 017 | |a B 2224-2024 |b Biblioteca de Catalunya | ||
| 020 | |a 9788419590916 | ||
| 020 | |a 9788419091888 | ||
| 040 | |a ES-BaIT |b cat |e rda |c ES-BaIT |d ES-BaBC | ||
| 080 | |a 821.134.1-2 |x "20" |2 2004 | ||
| 100 | 1 | |a Matas Nogué, Pau, |d 1993- |e autor |9 71642 | |
| 245 | 1 | 0 | |a Travy / |c Pau Matas Nogué, Oriol Pla Solina ; pròleg de Jordi Oriol |
| 250 | |a Primera edició | ||
| 264 | 1 | |a Barcelona : |b Institut del Teatre : |b Comanegra ; |c gener del 2024 | |
| 300 | |a 128 pàgines ; |c 18 cm | ||
| 336 | |a text |b txt |2 rdacontent | ||
| 337 | |a sense mediació |b n |2 rdamedia | ||
| 338 | |a volum |b nc |2 rdacarrier | ||
| 490 | |a Drama-ticles. Dramatúrgia contemporània ; |v 33 | ||
| 650 | 0 | |a Pallassos |9 40777 | |
| 700 | 1 | |a Pla, Oriol, |d 1993- |e autor |9 71644 | |
| 700 | 1 | |a Oriol, Jordi, |d 1979- |e escriptor d'un pròleg |9 71643 | |
| 710 | 2 | |a Institut del Teatre (Barcelona, Catalunya) |9 52662 | |
| 830 | 0 | |a Dramaticles. |p Dramatúrgia contemporània ; |v 33 |9 55677 | |
| 908 | |a CDMAE |a BC | ||
| 940 | |a CDMAE | ||
| 942 | |2 udc |c ARXIU |n 1 | ||
| 952 | |0 0 |1 0 |4 0 |6 BIB1220 |7 1 |9 97432 |a Arxiu |b Arxiu |d 2024-09-30 |l 0 |o Bib-1220 |p 28600 |r 2024-09-30 00:00:00 |w 2024-09-30 |y ARXIU | ||
| 999 | |c 129307 |d 129307 | ||